Vertrauen und Verrat /

Saved in:
Bibliographic Details
Main Author: Schädlich, Hans Joachim.
Format: Book
Language:German
Published: Göttingen : Wallstein, c1997.
Series:Göttinger Sudelblätter.
Subjects:
Tags: Add Tag
No Tags, Be the first to tag this record!
LEADER 00942aam a2200301 a 4500
001 007793111-4
005 20020606104010.5
008 980223s1997 gw b 000 0 ger c
010 |a  98118196  
020 |a 3892442479 
035 0 |a ocm38519714 
040 |a CU  |c CU 
042 |a pcc 
043 |a e-gx--- 
050 1 4 |a DD97  |b .S32 1997 
100 1 |a Schädlich, Hans Joachim. 
245 1 0 |a Vertrauen und Verrat /  |c Hans Joachim Schädlich. 
260 |a Göttingen :  |b Wallstein,  |c c1997. 
300 |a 45 p. ;  |c 25 cm. 
490 1 |a Göttinger Sudelblätter 
504 |a Includes bibliographical references. 
505 0 |a Zwei Abschnitte im Leben eines Botschafters -- Vertrauen und Verrat -- Verraten und Verkauft. 
600 1 0 |a Schädlich, Hans Joachim  |x Political and social views. 
651 0 |a Germany  |x History  |x Philosophy. 
655 7 |a History.  |2 fast 
830 0 |a Göttinger Sudelblätter. 
988 |a 20020608 
906 |0 OCLC